Top 50 Most Beautiful Cities in the World - Statistics

General Stats
  • This quiz has been taken 248 times
  • The average score is 34 of 50
Answer Stats
Rank Country City % Correct
1 France Paris
100%
3 United Kingdom London
99%
10 Italy Rome
99%
2 United States New York
97%
6 Spain Barcelona
92%
9 Australia Sydney
91%
18 Japan Tokyo
91%
13 Netherlands Amsterdam
90%
27 Spain Madrid
90%
14 Czech Republic Prague
90%
15 Brazil Rio de Janeiro
90%
19 Austria Vienna
90%
12 Portugal Lisbon
89%
5 Canada Vancouver
89%
16 Hungary Budapest
87%
17 Turkey Istanbul
87%
11 Singapore Singapore
87%
21 Canada Toronto
87%
4 Italy Venice
86%
20 Argentina Buenos Aires
85%
7 South Africa Cape Town
83%
30 Israel Jerusalem
83%
28 Cuba Havana
81%
29 United Arab Emirates Dubai
79%
36 Germany Berlin
77%
32 Ecuador Quito
74%
8 United States San Francisco
74%
33 Switzerland Zurich
74%
35 Russia St. Petersburg
72%
49 China Beijing
70%
40 South Korea Seoul
68%
25 United States Chicago
66%
37 Vietnam Hanoi
65%
31 United Kingdom Edinburgh
61%
24 China Hong Kong
58%
45 Ireland Dublin
56%
43 Thailand Bangkok
55%
26 Belgium Bruges
54%
23 Canada Quebec City
50%
50 Greece Athens
48%
41 Croatia Dubrovnik
38%
34 Peru Cusco
37%
46 Morocco Marrakesh
31%
47 Norway Bergen
29%
22 United States San Diego
26%
44 Colombia Cartagena
22%
38 New Zealand Queenstown
11%
48 India Jaipur
9%
42 Spain San Sebastian
9%
39 Mexico San Miguel de Allende
4%
No matching quizzes found
Score Distribution
Percent of People with Each Score
Percentile by Number Answered
Your Score History
You have not taken this quiz